Statistiques concernant Cubes

Cliquez ici pour prendre le quiz!

Statistiques générales

  • Ce quiz a été pris 295 fois
  • Le résultat moyen est 5 sur 10

Statistiques - réponses

ChiffresCubes% Correct
11
100%
28
90%
327
77%
464
63%
5125
60%
101000
32%
6216
26%
7343
13%
8512
11%
9729
8%

Distribution des résultats

Percentile par nombre de réponses

% des personnes avec chaque résultat

Votre développement - résultats

Vous n’avez pas pris ce quiz